Trzy skandale /
| Hlavní autor: | Górnicki, Wiesław, 1931-1996 |
|---|---|
| Jazyk: | Polština |
| Vydáno: |
Warszawa : Czytelnik, 1956 |
| Vydání: | Wyd. 1. |
| Fyzický popis: |
212 s. |
| LEADER | 00591nam a22002052a 4500 | ||
|---|---|---|---|
| 001 | 000269737 | ||
| 003 | CZ BrMZK | ||
| 005 | 20150413080319.0 | ||
| 007 | ta | ||
| 008 | 980105s1956 pl f pol d | ||
| 040 | |a BOA001 |b cze | ||
| 100 | 1 | |a Górnicki, Wiesław, |d 1931-1996 |7 jn20000602194 |4 aut | |
| 245 | 1 | 0 | |a Trzy skandale / |c Wiesław Górnioki |
| 250 | |a Wyd. 1. | ||
| 260 | |a Warszawa : |b Czytelnik, |c 1956 | ||
| 300 | |a 212 s. | ||
| 910 | |a BOA001 |b 2-0369.791 | ||
| 990 | |a BK | ||
| 991 | |b 201411 | ||
| 996 | 7 | |b 2619877606 |c 2-0369.791 |l MZK |r Sklad / do 24 hodin |n 2 |w 000269737 |u 000010 |a 1 |e BOA001 |j MZK50 |s A | |
English
Čeština 